Közbeszerzések az Európai Unió egységes piacán

Bibliographic Details
Main Author: Fehér Anita
Other Authors: Kruppa Dr. Éva
Format: Final Paper
Kulcsszavak:Közbeszerzés
Európai Unió
Microsoft Magyarország Kft.
Magyarország
Számítástechnika
Online Access:http://dolgozattar.uni-bge.hu/15464

MARC

LEADER 00000nta a2200000 i 4500
001 dolg15464
005 20200429100247.0
008 180504suuuu hu o 000 hun d
040 |a BGE Dolgozattár Repozitórium  |b hun 
041 |a hu 
100 1 |a Fehér Anita 
245 1 0 |a Közbeszerzések az Európai Unió egységes piacán  |c Fehér Anita  |h [elektronikus dokumentum] 
516 |a Final_paper 
695 |a Közbeszerzés 
695 |a Európai Unió 
695 |a Microsoft Magyarország Kft. 
695 |a Magyarország 
695 |a Számítástechnika 
700 1 |a Kruppa Dr. Éva  |e ths 
856 4 0 |u http://dolgozattar.uni-bge.hu/15464/1/Feher%20Anita%20Terezia_Zarodolgozat_2018.pdf  |z Dokumentum-elérés